• 首页
  • 本馆介绍
  • 公告通知
  • 最新文献
  • 馆藏检索
  • 电子资源
  • 读者导购
  • 参考咨询
  • 我的图书馆
  • 登录
  • 详细信息显示
  • 放入我的书架
  • 预约/预借图书
  • 作者相关作品
  • 分类相关作品
  • 丛书相关作品
  • 出版社相关作品

书目信息

  • 表格格式
  • 工作单格式
  • 卡片格式
题名:
体育美学
    
 
作者: 张娜 主编
分册:  
出版信息: 北京   北京体育大学出版社  2008
页数: 231页
开本: 23cm
丛书名:
单 册:
中图分类: G802 , G802
科图分类:
主题词: 体育美学 , 体育理论
电子资源:
ISBN: 978-7-81100-939-2
000 00879nam0 2200289 450
001 1555665618
005 20150715152851.15
010    @a978-7-81100-939-2@dCNY30.00,CNY50.00(精装)
090    @aG802@bzn
096    @aG802@bzn
100    @a20080704d2008 em y0chiy50 ea
101 0  @achi
102    @aCN@b110000
105    @ay z 000yy
106    @ar
200 1  @a体育美学@b专著@f张娜主编@Ati yu mei xue
210    @a北京@c北京体育大学出版社@d2008
215    @a231页@d23cm
300    @a沈阳工业大学体育教育系列教材
330    @a本书内容包括体育美学概述、体育美学的本质及意义、体育美的功能与价值形态、体育的审美欣赏、美感与体育的审美意识、体育的审美创造等。
606 0  @a体育美学
606 0  @a体育理论
690    @aG802@v4
690    @aG802@v4
701  0 @a张娜@4主编@Azhang na
801  0 @aCN@b110019@c20080508
905    @aZUCC@dG802@et147
    
    体育美学/张娜主编.-北京:北京体育大学出版社,2008
    231页;23cm
    沈阳工业大学体育教育系列教材
    
    ISBN 978-7-81100-939-2:CNY30.00,CNY50.00(精装)
    本书内容包括体育美学概述、体育美学的本质及意义、体育美的功能与价值形态、体育的审美欣赏、美感与体育的审美意识、体育的审美创造等。
●
相关链接 在E读中查询图书 在五车中查询图书 在当当中查询图书 在豆瓣中查询图书


正题名:体育美学     索取号:G802/t147         预约/预借

序号 登录号 条形码 馆藏地/架位号 状态 备注
1 6940131   269401319   密集书库-体育系/ [索取号:G802/t147] 在馆    
2 6940132   269401328   密集书库-体育系/ [索取号:G802/t147] 在馆    
3 6940133   269401337   体育系资料室/ [索取号:G802/t147] 在馆    
唐山师范学院图书馆 欢迎您!
大连网信软件有限公司© 版权所有